<?xml version="1.0" encoding="UTF-8"?>
<record
    xmlns:xsi="http://www.w3.org/2001/XMLSchema-instance"
    xsi:schemaLocation="http://www.loc.gov/MARC21/slim http://www.loc.gov/standards/marcxml/schema/MARC21slim.xsd"
    xmlns="http://www.loc.gov/MARC21/slim">

  <leader>01344nam a22002777a 4500</leader>
  <datafield tag="999" ind1=" " ind2=" ">
    <subfield code="c">29080</subfield>
    <subfield code="d">29051</subfield>
  </datafield>
  <controlfield tag="003">EG-ScBUE</controlfield>
  <controlfield tag="005">20210321102204.0</controlfield>
  <controlfield tag="008">210321k19932020ua o   f      000 0bara d</controlfield>
  <datafield tag="040" ind1=" " ind2=" ">
    <subfield code="a">EG-ScBUE</subfield>
    <subfield code="b">ara</subfield>
    <subfield code="e">rda</subfield>
    <subfield code="c">EG-ScBUE</subfield>
    <subfield code="d">EG-ScBUE</subfield>
  </datafield>
  <datafield tag="043" ind1=" " ind2=" ">
    <subfield code="a">f-ua---</subfield>
  </datafield>
  <datafield tag="082" ind1="0" ind2="4">
    <subfield code="a">338.0962</subfield>
    <subfield code="b">&#x645; &#x631; &#x643;</subfield>
    <subfield code="2">22</subfield>
  </datafield>
  <datafield tag="110" ind1="2" ind2=" ">
    <subfield code="a">&#x645;&#x631;&#x643;&#x632; &#x627;&#x644;&#x623;&#x647;&#x631;&#x627;&#x645; &#x644;&#x644;&#x62A;&#x646;&#x638;&#x64A;&#x645; &#x648;&#x62A;&#x643;&#x646;&#x648;&#x644;&#x648;&#x62C;&#x64A;&#x627; &#x627;&#x644;&#x645;&#x639;&#x644;&#x648;&#x645;&#x627;&#x62A;&#x60C;</subfield>
    <subfield code="e">&#x645;&#x624;&#x644;&#x641;.</subfield>
  </datafield>
  <datafield tag="245" ind1="1" ind2="0">
    <subfield code="a">&#x645;&#x62D;&#x645;&#x62F; &#x641;&#x631;&#x64A;&#x62F; &#x62E;&#x645;&#x64A;&#x633; :</subfield>
    <subfield code="b">&#x645;&#x644;&#x641; &#x648;&#x62B;&#x627;&#x626;&#x642;&#x64A; /</subfield>
    <subfield code="c">&#x645;&#x631;&#x643;&#x632; &#x627;&#x644;&#x623;&#x647;&#x631;&#x627;&#x645; &#x644;&#x644;&#x62A;&#x646;&#x638;&#x64A;&#x645; &#x648;&#x62A;&#x643;&#x646;&#x648;&#x644;&#x648;&#x62C;&#x64A;&#x627; &#x627;&#x644;&#x645;&#x639;&#x644;&#x648;&#x645;&#x627;&#x62A;.</subfield>
  </datafield>
  <datafield tag="264" ind1=" " ind2="1">
    <subfield code="a">&#x627;&#x644;&#x642;&#x627;&#x647;&#x631;&#x629; :</subfield>
    <subfield code="b">&#x645;&#x631;&#x643;&#x632; &#x627;&#x644;&#x623;&#x647;&#x631;&#x627;&#x645; &#x644;&#x644;&#x62A;&#x646;&#x638;&#x64A;&#x645; &#x648;&#x62A;&#x643;&#x646;&#x648;&#x644;&#x648;&#x62C;&#x64A;&#x627; &#x627;&#x644;&#x645;&#x639;&#x644;&#x648;&#x645;&#x627;&#x62A;&#x60C;</subfield>
    <subfield code="c">[1993-2020]</subfield>
  </datafield>
  <datafield tag="300" ind1=" " ind2=" ">
    <subfield code="a">3 &#x645;&#x62C;&#x644;&#x62F;&#x627;&#x62A; :</subfield>
    <subfield code="b">&#x635;&#x648;&#x631; &#x61B;</subfield>
    <subfield code="c">35 &#x633;&#x645;</subfield>
  </datafield>
  <datafield tag="336" ind1=" " ind2=" ">
    <subfield code="2">rdacontent</subfield>
    <subfield code="a">&#x646;&#x635;</subfield>
    <subfield code="b">txt</subfield>
  </datafield>
  <datafield tag="337" ind1=" " ind2=" ">
    <subfield code="2">rdamedia</subfield>
    <subfield code="a">&#x628;&#x62F;&#x648;&#x646; &#x648;&#x633;&#x64A;&#x637;</subfield>
    <subfield code="b">n</subfield>
  </datafield>
  <datafield tag="338" ind1=" " ind2=" ">
    <subfield code="2">rdacarrier</subfield>
    <subfield code="a">&#x645;&#x62C;&#x644;&#x62F;</subfield>
    <subfield code="b">nc</subfield>
  </datafield>
  <datafield tag="505" ind1="0" ind2=" ">
    <subfield code="a">&#x627;&#x644;&#x645;&#x62D;&#x62A;&#x648;&#x64A;&#x627;&#x62A; : &#x627;&#x644;&#x645;&#x62C;&#x644;&#x62F; &#x627;&#x644;&#x623;&#x648;&#x644;. &#x641;&#x628;&#x631;&#x627;&#x64A;&#x629; 1993-&#x645;&#x627;&#x64A;&#x648; 2008 -- &#x627;&#x644;&#x645;&#x62C;&#x644;&#x62F; &#x627;&#x644;&#x62B;&#x627;&#x646;&#x64A;. &#x64A;&#x648;&#x646;&#x64A;&#x648; 2008-&#x64A;&#x648;&#x646;&#x64A;&#x648; 2014 -- &#x627;&#x644;&#x645;&#x62C;&#x644;&#x62F; &#x627;&#x644;&#x62B;&#x627;&#x644;&#x62B;. &#x64A;&#x648;&#x644;&#x64A;&#x648; 2014-&#x623;&#x643;&#x62A;&#x648;&#x628;&#x631; 2020.</subfield>
  </datafield>
  <datafield tag="600" ind1="1" ind2="7">
    <subfield code="a">&#x62E;&#x645;&#x64A;&#x633;&#x60C; &#x645;&#x62D;&#x645;&#x62F; &#x641;&#x631;&#x64A;&#x62F;&#x60C;</subfield>
    <subfield code="d">1940-2020.</subfield>
    <subfield code="2">BUEsh</subfield>
  </datafield>
  <datafield tag="650" ind1=" " ind2="7">
    <subfield code="a">&#x631;&#x62C;&#x627;&#x644; &#x627;&#x644;&#x623;&#x639;&#x645;&#x627;&#x644;</subfield>
    <subfield code="v">&#x62A;&#x631;&#x627;&#x62C;&#x645;</subfield>
    <subfield code="z">&#x645;&#x635;&#x631;.</subfield>
    <subfield code="2">BUEsh</subfield>
  </datafield>
  <datafield tag="650" ind1=" " ind2="7">
    <subfield code="a">&#x627;&#x644;&#x627;&#x642;&#x62A;&#x635;&#x627;&#x62F;</subfield>
    <subfield code="v">&#x62A;&#x631;&#x627;&#x62C;&#x645;</subfield>
    <subfield code="z">&#x645;&#x635;&#x631;.</subfield>
    <subfield code="2">BUEsh</subfield>
  </datafield>
  <datafield tag="653" ind1=" " ind2=" ">
    <subfield code="b">GGEN</subfield>
    <subfield code="c">March2021</subfield>
  </datafield>
  <datafield tag="655" ind1=" " ind2=" ">
    <subfield code="v">Reading book</subfield>
    <subfield code="9">34232</subfield>
  </datafield>
  <datafield tag="942" ind1=" " ind2=" ">
    <subfield code="2">ddc</subfield>
  </datafield>
  <datafield tag="952" ind1=" " ind2=" ">
    <subfield code="0">0</subfield>
    <subfield code="1">0</subfield>
    <subfield code="2">ddc</subfield>
    <subfield code="4">0</subfield>
    <subfield code="7">0</subfield>
    <subfield code="8">Donation-G</subfield>
    <subfield code="a">MAIN</subfield>
    <subfield code="b">MAIN</subfield>
    <subfield code="c">0TH</subfield>
    <subfield code="d">2021-03-21</subfield>
    <subfield code="e">Donation</subfield>
    <subfield code="o">338.0962 &#x645; &#x631; &#x643;</subfield>
    <subfield code="p">000050179</subfield>
    <subfield code="r">2025-07-15 00:00:00</subfield>
    <subfield code="y">BB</subfield>
    <subfield code="z">&#x627;&#x644;&#x645;&#x62C;&#x644;&#x62F; &#x627;&#x644;&#x623;&#x648;&#x644;</subfield>
  </datafield>
  <datafield tag="952" ind1=" " ind2=" ">
    <subfield code="0">0</subfield>
    <subfield code="1">0</subfield>
    <subfield code="2">ddc</subfield>
    <subfield code="4">0</subfield>
    <subfield code="7">0</subfield>
    <subfield code="8">Donation-G</subfield>
    <subfield code="a">MAIN</subfield>
    <subfield code="b">MAIN</subfield>
    <subfield code="c">0TH</subfield>
    <subfield code="d">2021-03-21</subfield>
    <subfield code="e">Donation</subfield>
    <subfield code="o">338.0962 &#x645; &#x631; &#x643;</subfield>
    <subfield code="p">000050180</subfield>
    <subfield code="r">2025-07-15 00:00:00</subfield>
    <subfield code="y">BB</subfield>
    <subfield code="z">&#x627;&#x644;&#x645;&#x62C;&#x644;&#x62F; &#x627;&#x644;&#x62B;&#x627;&#x646;&#x64A;</subfield>
  </datafield>
  <datafield tag="952" ind1=" " ind2=" ">
    <subfield code="0">0</subfield>
    <subfield code="1">0</subfield>
    <subfield code="2">ddc</subfield>
    <subfield code="4">0</subfield>
    <subfield code="7">0</subfield>
    <subfield code="8">Donation-G</subfield>
    <subfield code="a">MAIN</subfield>
    <subfield code="b">MAIN</subfield>
    <subfield code="c">0TH</subfield>
    <subfield code="d">2021-03-21</subfield>
    <subfield code="e">Donation</subfield>
    <subfield code="o">338.0962 &#x645; &#x631; &#x643;</subfield>
    <subfield code="p">000050181</subfield>
    <subfield code="r">2025-07-15 00:00:00</subfield>
    <subfield code="y">BB</subfield>
    <subfield code="z">&#x627;&#x644;&#x645;&#x62C;&#x644;&#x62F; &#x627;&#x644;&#x62B;&#x627;&#x644;&#x62B;</subfield>
  </datafield>
</record>
